Normal view MARC view

Entry Topical Term

Number of records used in: 1

001 - CONTROL NUMBER

  • control field: 131188

003 - CONTROL NUMBER IDENTIFIER

  • control field: NUST

005 - DATE AND TIME OF LATEST TRANSACTION

  • control field: 20251015151947.0

008 - FIXED-LENGTH DATA ELEMENTS

  • fixed length control field: 251015|| aca||aabn | a|a d

040 ## - CATALOGING SOURCE

  • Original cataloging agency: NUST
  • Transcribing agency: NUST

150 ## - HEADING--TOPICAL TERM

  • General subdivision: Statistical methods
  • Form subdivision: Handbooks, manuals, etc

670 ## - SOURCE DATA FOUND

  • Source citation: Work cat.: (NUST)0: Pyzdek, Thomas. 62083, The Six Sigma handbook: a complete guide for green belts, black belts, and managers at all levels /, c2010.
© 2023 Central Library, National University of Sciences and Technology. All Rights Reserved.